000 00540nam a2200193Ia 4500
003 OSt
005 20250315125232.0
008 210210b1990 xxu||||| |||| 00| 0 eng d
040 _cAL
041 _aKannada
082 _aK894.9 KESN
100 _aKESHAVA SHARMA (K).
_9139758
_dಕೇಶವ ಶರ್ಮ (ಕೆ )
245 _aNavodaya vimarshe.
_bನವೋದಯ ವಿಮರ್ಶೆ
260 _aGundmi
_bJanavadi Prakashana
_c1990
300 _aiv,80
690 _aKannada Criticism
_9139759
906 _a044168
942 _2ddc
_cBK
999 _c93526
_d93526